Сбогом, наркотици (Запис номер 101450)
[ съкратено ]
| 000 -Лидер | |
|---|---|
| Контролно поле с фиксирана дължина | 01771nam a2200457 c 4500 |
| 003 - Код на организацията, давaща контролен номер | |
| Контролно поле | BLK |
| 005 - Дата и час на последна редакция | |
| Контролно поле | 20250728120620.0 |
| 008 - Елементи от данни с фиксирана дължина | |
| fixed length control field | 180409b bul|||||r ||||||| ||bul|| |
| 010 ## - Наследен системен номер | |
| LC control number | KNG00106499000 |
| 020 ## - Международен стандартен номер на книга ISBN | |
| Международен стандартен номер на книга ISBN | 954-792-050-2 |
| 040 ## - Източник на каталожния запис | |
| Идентификатор на билиотеката - собственик на записа | BLK |
| 041 ## - Код за език | |
| Код за езика на текст/звукозапис или на отделно заглавие | Български |
| Код за езика КДБФ | Български |
| 072 #7 - Код за тематичната категория | |
| Код организация | bullib |
| Код за тематична категория | Л05 |
| Текст | Други методи |
| 080 ## - УДК | |
| УДК код - определител по УДК | 613.83/.84 |
| УДК - код + определител | 613.83/.84 |
| 080 ## - УДК | |
| УДК код - определител по УДК | 178.7/.9 |
| УДК - код + определител | 178.7/.9 |
| 100 1# - Редна дума - Автор | |
| Автор | Миронов, Евгений Михайлович |
| Авторска отговорност | първи автор |
| R(LIN) | 308827 |
| 139 ## - Редно поле | |
| Редна дума | Миронов, Евгений Михайлович |
| Авторски знак | Мир - М 68 |
| 245 10 - Сведения за заглавието | |
| Заглавие | Сбогом, наркотици |
| Редно поле (дума) | Евгений Михайлович Миронов; прев. от рус. Екатерина Пенкова. |
| 257 ## - Страна на издаване | |
| Страна на създаване/издаване | Русия |
| 260 ## - Област на издателските данни | |
| Място на издаване, разпространение и проч. | София |
| Име на издателя, разпространителя и проч. | Скорпио ви |
| Година на издаване | 2003 |
| 300 ## - Физическа характеристика | |
| Страници | 160 с. |
| Илюстрации и др. | с табл. |
| Размери/Мащаб | 24 см |
| 380 ## - Жанр | |
| Жанр | Медицина |
| 490 1# - СЕРИИ (Колекции) | |
| Име на серия | Поредица Здраве, дълголетие, естествено оздравяване |
| 500 ## - Общи забележки | |
| Забележка | Ориг. загл. Прощайте, наркотики! / Е. М. Миронов. - Офс. изд. |
| 650 #4 - Допълнително описание по предмет – тема | |
| Основно описание – тема или топоним | Наркомания - борба и профилактика |
| 9 (RLIN) | 283724 |
| 650 #4 - Допълнително описание по предмет – тема | |
| Основно описание – тема или топоним | Тютюнопушене - методи за борба |
| 9 (RLIN) | 266337 |
| 650 #4 - Допълнително описание по предмет – тема | |
| Основно описание – тема или топоним | Хигиена |
| 9 (RLIN) | 176430 |
| 653 ## - Ключова дума – ненормативна | |
| Ключова дума | наркотици |
| 653 ## - Ключова дума – ненормативна | |
| Ключова дума | наркомания |
| 653 ## - Ключова дума – ненормативна | |
| Ключова дума | тютюнопушене |
| 653 ## - Ключова дума – ненормативна | |
| Ключова дума | профилактика |
| 659 ## - Тематичен бюлетин | |
| Тематичен бюлетин | Л |
| 700 1# - Други автори (авторска отговорност) | |
| Лично име | Пенкова, Екатерина |
| Автороска отговорност (Описва отношението между автора и произведението) | прев. от рус. |
| 9 (RLIN) | 374769 |
| 852 ## - Местоположение | |
| Форматна сигнатура | Цб 215052 |
| 856 4# - Електронен адрес и достъп | |
| Електронен формат | pdf - файл |
| 856 4# - Електронен адрес и достъп | |
| Електронен формат | pdf - файл |
| 942 ## - АРТИКУЛИ | |
| Вид на библиотечния материал | Книги |
| Скрит в OPAC | Не |
| Koha issues (borrowed), all copies | 7 |
| 944 ## - СЪЗДАВАНЕ И РЕДАКЦИЯ на ЗАПИСА | |
| Създаване/Редакция | Създаване |
| Дата на регистрацията/редакция | 01.01.2003 |
| Служител, извършил регистрацията/редакцията | 30549 |
| Статус, дата на статуса | Вася Ганчева |
| 944 ## - СЪЗДАВАНЕ И РЕДАКЦИЯ на ЗАПИСА | |
| Създаване/Редакция | Редакция |
| Дата на регистрацията/редакция | 12.11.2011 |
| 999 ## - СИСТЕМНИ КОНТРОЛНИ НОМЕРА | |
| Koha biblionumber | 101450 |
| Koha biblioitemnumber | 101450 |
| 999 ## - СИСТЕМНИ КОНТРОЛНИ НОМЕРА | |
| Koha biblioitemnumber | 101450 |
| Код за отписване | Код за изгубен артикул | Източник на класификационната схема | Код за повреда | Коз за рестрикции | Код за отдаване | Артикулен № | Име на библиотеката - собственик | Име на библиотеката, в която се намира в момента | Статус (Текущо местоположение) | Дата на вписване в системата | Местоположение - отдел | Цена в лева | Инвентарен номер | Систематично азбучна сигнатура | Баркод | Номер на екземпляра | Цена в евро | Служебна бележка | Служебен тип на артикула |
|---|---|---|---|---|---|---|---|---|---|---|---|---|---|---|---|---|---|---|---|
| Не е изгубен | Universal Decimal Classification | Не е повреден | без рестрикции | заемане за дома | 163410 | Регионална библиотека "Любен Каравелов" Русе | Регионална библиотека "Любен Каравелов" Русе | Заемна - подръчен фонд | 2003-06-09 | Заемна - подръчен фонд | 6.99 | 120000676632 | П 613.8/М 68 | 120000676632 | 1 | 3.57 | Дост: Pk Вид: Ф N: 15462 Дата: 05.06.2003 Дата инв: 17.03.2017 Бележки инв: Ч2017 | Книги | |
| Не е изгубен | Не е повреден | без рестрикции | заемане за дома | 163411 | Регионална библиотека "Любен Каравелов" Русе | Регионална библиотека "Любен Каравелов" Русе | Заемна - подръчен фонд | 2003-07-29 | Заемна - подръчен фонд | 6.96 | 120000677937 | П 613.8/М 68 | 120000677937 | 2 | 3.56 | Дост: Pk Вид: Ф N: 16076 Дата: 11.07.2003 Дата инв: 02.02.2018 Бележки инв: П2018 | Книги | ||
| Не е изгубен | Не е повреден | без рестрикции | ползва се в читалня | 163412 | Регионална библиотека "Любен Каравелов" Русе | Регионална библиотека "Любен Каравелов" Русе | Хранилище | 2007-02-27 | Хранилище | 6.99 | 120000710369 | Цб 215052 | 120000710369 | 3 | 3.57 | Дост: Dp Вид: Д N: 21 Дата: 03.05.2006 | Книги |